000 00312cam a2200133ua 4500
041 _aeng
_h
082 _a823.308
_b
100 _aKingsley, Charles .
245 _aHeroces /
_cKingsley.
_hTextual Documents
260 _aLondon :
_bDeut sond ,
_c1963.
300 _a225 ; .
504 _a
999 _c11666
_d11666